Radiant energy in relation to forests / (Record no. 12130)

000 -LEADER
fixed length control field 00722cam a2200217 i 4500
020 ## - INTERNATIONAL STANDARD BOOK NUMBER
ISBN 0404162177
040 ## - CATALOGING SOURCE
Transcribing agency DLC
082 00 - DEWEY DECIMAL CLASSIFICATION NUMBER
Classification number 582 AMS 1978 A032 Or.
100 1# - MAIN ENTRY--AUTHOR NAME
Personal name Reifsnyder, William E.
245 10 - TITLE STATEMENT
Title Radiant energy in relation to forests /
250 ## - EDITION STATEMENT
Edition statement 1st AMS ed.
260 ## - PUBLICATION, DISTRIBUTION, ETC. (IMPRINT)
Place of publication New York :
Name of publisher AMS Press,
Year of publication 1978.
300 ## - PHYSICAL DESCRIPTION
Number of Pages vi, 111 p. :
Other physical details ill. ;
Dimensions 22 cm.
500 ## - GENERAL NOTE
General note Reprint of the 1965 ed. published by U.S. Dept. of Agriculture, Forest Service, Washington, which was issued as no. 1344 of the Technical bulletin of the U.S. Dept. of Agriculture.
650 #0 - SUBJECT ADDED ENTRY--TOPICAL TERM
Topical Term Plants
650 #0 - SUBJECT ADDED ENTRY--TOPICAL TERM
Topical Term Solar radiation.
650 #0 - SUBJECT ADDED ENTRY--TOPICAL TERM
Topical Term Forest meteorology.
650 #0 - SUBJECT ADDED ENTRY--TOPICAL TERM
Topical Term Trees
700 1# - ADDED ENTRY--PERSONAL NAME
Personal name Lull, Howard William,
942 ## - ADDED ENTRY ELEMENTS (KOHA)
Koha item type សៀវភៅភាសាអង់គ្លេស
952 ## - LOCATION AND ITEM INFORMATION (KOHA)
Withdrawn status [LOCAL, KOHA] 0
Holdings
Permanent Location Date acquired Koha item type Lost status Shelving location Barcode Current Location Full call number
Library Block A2017-08-10សៀវភៅភាសាអង់គ្លេស A032A08033Library Block A582 AMS 1978 A032 Or.
មជ្ឈមណ្ឌលឯការនៃសាកលវិទ្យាល័យភូមិន្ទកសិកម្មចំការដូង

Powered by Koha